| 000 | 00704nam a2200121Ia 4500 | ||
|---|---|---|---|
| 008 | 220620s9999||||xx |||||||||||||| ||und|| | ||
| 245 | 0 | _aSocietal Implications of Community-Oriented Policing and Technology | |
| 546 | _aEnglish[eng] | ||
| 650 | _aCommunity-Oriented Policing||Policing and Society||Police Science||Police-Community Relations||Police Legitimacy||Technology and Ethics||Fear of Crime||Crime Detection | ||
| 700 | _aLeventakis, Georgios||Haberfeld, M. R. | ||
| 856 | _uhttps://library.oapen.org/bitstream/20.500.12657/27719/1/1002287.pdf||https://library.oapen.org/bitstream/20.500.12657/27719/1/1002287.pdf||https://library.oapen.org/bitstream/20.500.12657/27719/1/1002287.pdf | ||
| 942 | _cEB | ||
| 999 |
_c22149 _d22149 |
||